[Event "18.Open Seefeld"]
[Site "Seefeld / Oesterreich"]
[Date "2007.09.06"]
[Round "6"]
[White "Pregl, Walter"]
[Black "Dalnodar, Bernhard"]
[Result "1-0"]
[WhiteElo "2046"]
[BlackElo "1709"]
[PlyCount "93"]
[EventDate "2007.09.01"]
[EventType "swiss"]
[EventRounds "9"]
[EventCountry "AUT"]

1. e4 c5 2. Nf3 Nc6 3. d4 cxd4 4. Nxd4 Nf6 5. Nc3 e5 6. Nde2 Bb4 7. Bg5 h6 8.
Bxf6 Qxf6 9. Qd3 O-O 10. f3 Nd4 11. O-O-O Nxe2+ 12. Nxe2 Rd8 13. Qb3 Bf8 14.
Kb1 d6 15. Nc3 Be6 16. Bc4 Bxc4 17. Qxc4 Rac8 18. Qb3 Qe7 19. Nd5 Qd7 20. g4
Rc5 21. h4 Qb5 22. Qxb5 Rxb5 23. b4 Rc8 24. a4 Rxd5 25. Rxd5 Rc4 26. Rb5 Rc7
27. Kb2 Be7 28. Kb3 Rd7 29. Rd5 Kh7 30. c4 Rc7 31. Ra5 b6 32. Ra6 Rb7 33. a5
Bd8 34. b5 Kg6 35. Rd1 Bc7 36. axb6 axb6 37. Rda1 Bb8 38. Ra8 Kf6 39. Kc3 g6
40. Kd3 g5 41. hxg5+ hxg5 42. Rh1 Ke6 43. Rh5 f6 44. Rh8 Bc7 45. Rh7 Rb8 46.
Rxb8 Bxb8 47. Rb7 1-0

[Event "18.Open Seefeld"]
[Site "Seefeld / Oesterreich"]
[Date "2007.09.06"]
[Round "6"]
[White "Schnegg, Daniel"]
[Black "Rampler, Evely"]
[Result "1-0"]
[WhiteElo "2012"]
[BlackElo "1588"]
[PlyCount "72"]
[EventDate "2007.09.01"]
[EventType "swiss"]
[EventRounds "9"]
[EventCountry "AUT"]

1. e4 c5 2. Nf3 e6 3. d4 cxd4 4. Nxd4 Qc7 5. Nc3 a6 6. Bd3 Nf6 7. O-O Be7 8.
Kh1 O-O 9. f4 d6 10. Be3 b6 11. Qf3 Bb7 12. Qh3 Nbd7 13. Rae1 Rfd8 14. e5 dxe5
15. Nxe6 fxe6 16. Qxe6+ Kh8 17. Qxe7 Re8 18. Qb4 Qc6 19. Rg1 exf4 20. Qxf4 Re5
21. Be2 Nh5 22. Qf2 Rf8 23. Qh4 Qg6 24. Bd3 Ng3+ 25. hxg3 Qh5 26. Bd2 Qxh4+ 27.
gxh4 Rh5 28. Rgf1 Rxh4+ 29. Kg1 Rxf1+ 30. Bxf1 Nf6 31. Bg5 Rg4 32. Bxf6 gxf6
33. Re8+ Rg8 34. Rxg8+ Kxg8 35. Bd3 h6 36. Be4 Bc8 1-0

[Event "18.Open Seefeld"]
[Site "Seefeld / Oesterreich"]
[Date "2007.09.06"]
[Round "6"]
[White "Safdar, Mahmood"]
[Black "Frank, Albert"]
[Result "1/2-1/2"]
[WhiteElo "1660"]
[BlackElo "1971"]
[PlyCount "122"]
[EventDate "2007.09.01"]
[EventType "swiss"]
[EventRounds "9"]
[EventCountry "AUT"]

1. e4 c5 2. Nf3 a6 3. a4 e6 4. d4 cxd4 5. Nxd4 Nf6 6. Nc3 h6 7. Bd3 Nc6 8. Nde2
e5 9. O-O Be7 10. f4 O-O 11. f5 d5 12. Ng3 dxe4 13. Ncxe4 Re8 14. Nxf6+ Bxf6
15. Ne4 Nd4 16. Be3 b6 17. Qg4 Bb7 18. Bxh6 Bxe4 19. Bxe4 Rc8 20. Bxg7 Kh7 21.
Bh6 Kxh6 22. c3 Rg8 23. Qh3+ Kg7 24. Rad1 Ne2+ 25. Kh1 Nd4 26. cxd4 exd4 27.
Qd3 Qd6 28. Bb7 Rh8 29. h3 Rce8 30. Bxa6 Qb8 31. b4 Re3 32. Qd2 Qg3 33. Qf2 Qg4
34. Rd3 Qe4 35. Rxe3 dxe3 36. Qf3 Qxb4 37. Qxe3 Qxa4 38. Qxb6 Qa3 39. Rf3 Qa1+
40. Bf1 Rh4 41. Qb8 Rh5 42. Qf4 Qe5 43. Rg3+ Kh7 44. Qg4 Kh6 45. Rf3 Rg5 46.
Qf4 Qxf4 47. Rxf4 Be5 48. Rf3 Rg3 49. Rxg3 Bxg3 50. Bd3 Kg5 51. Kg1 Kf4 52. Kf1
Ke3 53. Bb1 f6 54. Ba2 Kd2 55. Bf7 Ke3 56. Bc4 Kd2 57. Be2 Ke3 58. h4 Bxh4 59.
g4 Kf4 60. Kg2 Kg5 61. Kf3 Be1 1/2-1/2

[Event "18.Open Seefeld"]
[Site "Seefeld / Oesterreich"]
[Date "2007.09.06"]
[Round "6"]
[White "Stuch, Hans-Ferdinand"]
[Black "Wiesbeck, Florian"]
[Result "1-0"]
[WhiteElo "1602"]
[BlackElo "1990"]
[PlyCount "61"]
[EventDate "2007.09.01"]
[EventType "swiss"]
[EventRounds "9"]
[EventCountry "AUT"]

1. d4 d5 2. Nf3 Nf6 3. Bg5 Nbd7 4. e3 e6 5. Bd3 Bd6 6. O-O h6 7. Bf4 O-O 8.
Nbd2 a6 9. Ne5 Qe7 10. Qf3 Re8 11. Qh3 Nf8 12. g4 N6h7 13. Bg3 f6 14. Ng6 Nxg6
15. Bxg6 Rf8 16. f4 Bd7 17. Rf2 Be8 18. Bd3 Bf7 19. Nf3 Rfe8 20. Raf1 Nf8 21.
g5 hxg5 22. fxg5 f5 23. Ne5 Qxg5 24. Nxf7 Kxf7 25. Rxf5+ exf5 26. Rxf5+ Qxf5
27. Qxf5+ Kg8 28. Qxd5+ Kh8 29. Qh5+ Kg8 30. Bc4+ Ne6 31. Qf5 1-0

[Event "18.Open Seefeld"]
[Site "Seefeld / Oesterreich"]
[Date "2007.09.06"]
[Round "6"]
[White "Storkebaum, Ulrike"]
[Black "Niebergall, Gerhard"]
[Result "0-1"]
[WhiteElo "1963"]
[BlackElo "2136"]
[PlyCount "86"]
[EventDate "2007.09.01"]
[EventType "swiss"]
[EventRounds "9"]
[EventCountry "AUT"]

1. e4 c5 2. Nf3 g6 3. d4 cxd4 4. Nxd4 Nc6 5. Bc4 Bg7 6. Nxc6 bxc6 7. Qf3 Nf6 8.
Nc3 O-O 9. e5 Ne8 10. Qe2 Qa5 11. f4 d5 12. Bb3 d4 13. Bd2 dxc3 14. Bxc3 Qb6
15. O-O-O Nc7 16. Bd4 c5 17. Be3 Be6 18. c4 a5 19. Ba4 Qb4 20. b3 Qc3+ 21. Qc2
Qxe3+ 22. Qd2 Qxd2+ 23. Rxd2 Rad8 24. Rf2 Bd7 25. Bxd7 Rxd7 26. g4 f6 27. Re2
fxe5 28. fxe5 Ne6 29. h4 Nf4 30. Re3 Bxe5 31. Kc2 Bd4 32. Re4 Ng2 33. h5 Rf2+
34. Kb1 Rb2+ 35. Kc1 Rxa2 36. Rh3 Bf6 37. hxg6 Ra1+ 38. Kc2 Ne1+ 39. Rxe1 Rxe1
40. gxh7+ Kh8 41. Rh5 Re2+ 42. Kc1 Bb2+ 43. Kb1 Rd1+ 0-1

[Event "18.Open Seefeld"]
[Site "Seefeld / Oesterreich"]
[Date "2007.09.06"]
[Round "6"]
[White "Schwammberger, Eugen"]
[Black "Borries, Barbara"]
[Result "1-0"]
[WhiteElo "2066"]
[BlackElo "1947"]
[PlyCount "111"]
[EventDate "2007.09.01"]
[EventType "swiss"]
[EventRounds "9"]
[EventCountry "AUT"]

1. c4 Nf6 2. Nc3 e5 3. g3 Be7 4. Bg2 O-O 5. Nf3 Nc6 6. O-O d5 7. cxd5 Nxd5 8.
d3 Be6 9. Bd2 Nxc3 10. bxc3 h6 11. Qa4 Rb8 12. Be3 a6 13. Nd2 Qd7 14. Qc2 Bh3
15. a4 Bxg2 16. Kxg2 a5 17. f3 b6 18. Qa2 Rfe8 19. Rab1 Rbd8 20. Rb5 Bf8 21.
Nc4 Qe6 22. Qc2 Rd5 23. Rfb1 Rxb5 24. Rxb5 f6 25. Bf2 Rd8 26. e4 Ne7 27. Rb1
Nc6 28. Ne3 Ne7 29. c4 f5 30. Nd5 fxe4 31. dxe4 Qc6 32. Qb3 Nxd5 33. cxd5 Qd7
34. d6+ Kh7 35. dxc7 Qxc7 36. Bxb6 Rd2+ 37. Kh1 Qd7 38. Bxa5 Rf2 39. Be1 Qa7
40. Bxf2 Qxf2 41. Qd3 Bc5 42. a5 h5 43. Rf1 Qa2 44. a6 Bd4 45. f4 h4 46. gxh4
Bf2 47. Qf3 Bd4 48. fxe5 Qxa6 49. Qf5+ Kg8 50. e6 Bf6 51. h5 Qa3 52. h6 Qb2 53.
hxg7 Kxg7 54. Rg1+ Kf8 55. Qc5+ Be7 56. Qc8+ 1-0

[Event "18.Open Seefeld"]
[Site "Seefeld / Oesterreich"]
[Date "2007.09.06"]
[Round "6"]
[White "Kainrath, Florian"]
[Black "Schnegg, Martin"]
[Result "1-0"]
[WhiteElo "2061"]
[BlackElo "1931"]
[PlyCount "103"]
[EventDate "2007.09.01"]
[EventType "swiss"]
[EventRounds "9"]
[EventCountry "AUT"]

1. e4 c5 2. d4 cxd4 3. c3 d3 4. Bxd3 d6 5. c4 Nf6 6. Nc3 g6 7. h3 Bg7 8. Nf3
O-O 9. O-O Nc6 10. Bg5 h6 11. Be3 Nd7 12. Qd2 Kh7 13. Rad1 b6 14. Bc2 Bb7 15.
Nd4 Nxd4 16. Bxd4 Ne5 17. b3 Nc6 18. Bxg7 Kxg7 19. Nd5 Rc8 20. Qe3 Qe8 21. Rd2
Nd8 22. Nc3 f6 23. Nb5 a6 24. Nd4 e5 25. Ne2 Qc6 26. Rfd1 Nf7 27. Nc3 Qc7 28.
Nd5 Bxd5 29. Rxd5 Rfd8 30. h4 Qb7 31. Bd3 Rc5 32. Be2 Rdc8 33. b4 Rxd5 34. Rxd5
Re8 35. Bg4 Qc7 36. Qd3 h5 37. Bh3 Re7 38. g3 Re8 39. Qb3 Re7 40. a3 Kh6 41.
Qd3 Kg7 42. g4 Re8 43. gxh5 gxh5 44. Bf5 Re7 45. Qg3+ Kf8 46. Qg6 Qxc4 47. Qxf6
Qc1+ 48. Kg2 Qxa3 49. Rxd6 Qxb4 50. Rxb6 Qd2 51. Rb8+ Re8 52. Rb7 1-0

[Event "18.Open Seefeld"]
[Site "Seefeld / Oesterreich"]
[Date "2007.09.06"]
[Round "6"]
[White "Allgaier, Erik"]
[Black "Gerhards, Walter"]
[Result "1-0"]
[WhiteElo "2060"]
[BlackElo "1947"]
[PlyCount "79"]
[EventDate "2007.09.01"]
[EventType "swiss"]
[EventRounds "9"]
[EventCountry "AUT"]

1. Nf3 Nf6 2. d4 e6 3. e3 b6 4. Bd3 Bb7 5. O-O c5 6. c4 Be7 7. Nc3 O-O 8. d5 d6
9. e4 Nbd7 10. dxe6 fxe6 11. Ng5 Qc8 12. Nxe6 Re8 13. Nb5 Ne5 14. Nbc7 Nxd3 15.
Qxd3 Bxe4 16. Qe2 Bf5 17. Nxe8 Bxe6 18. Nc7 Qxc7 19. Qxe6+ Kf8 20. Bf4 Rd8 21.
Rfe1 Qd7 22. Qe2 Re8 23. Bg3 d5 24. cxd5 Qxd5 25. b3 Bd8 26. Qb5 Ne4 27. Rad1
Qa8 28. f3 Nf6 29. Bd6+ Be7 30. Bxe7+ Rxe7 31. Rxe7 Kxe7 32. Qe2+ Kf7 33. Qc4+
Kg6 34. Qd3+ Kf7 35. Qd6 Qe8 36. Kf2 c4 37. Re1 Qc8 38. Re7+ Kg8 39. bxc4 h6
40. Qe6+ 1-0

[Event "18.Open Seefeld"]
[Site "Seefeld / Oesterreich"]
[Date "2007.09.06"]
[Round "6"]
[White "Nolte, Wilhelm"]
[Black "Klein, Gereon"]
[Result "0-1"]
[WhiteElo "1775"]
[BlackElo "2009"]
[PlyCount "89"]
[EventDate "2007.09.01"]
[EventType "swiss"]
[EventRounds "9"]
[EventCountry "AUT"]

1. e4 c5 2. Nf3 Nc6 3. d4 cxd4 4. Nxd4 g6 5. c4 Nf6 6. Nc3 Nxd4 7. Qxd4 d6 8.
Be2 Bg7 9. Qd1 O-O 10. O-O Be6 11. Qc2 Qa5 12. Rb1 Rfc8 13. b3 a6 14. Qd2 b5
15. b4 Qc7 16. f3 Bxc4 17. Bxc4 Qxc4 18. Nd5 Nxd5 19. Qxd5 Bd4+ 20. Kh1 Qxd5
21. exd5 Rc2 22. a3 Rac8 23. Bf4 Bb2 24. h4 R8c4 25. Bg3 R4c3 26. Rfe1 Kf8 27.
Bf4 f6 28. Re6 Rxa3 29. Rbe1 Ra2 30. Bh6+ Kg8 31. Rxe7 Be5 32. Rg7+ Kf8 33.
Rxh7+ Kg8 34. Rg7+ Kh8 35. Rxg6 Kh7 36. h5 Ra1 37. Rxa1 Bxa1 38. Bf4 a5 39.
bxa5 b4 40. Bxd6 b3 41. Ba3 Rd2 42. Rg4 Be5 43. g3 Ra2 44. Bc1 Ra1 45. Rc4 0-1

[Event "18.Open Seefeld"]
[Site "Seefeld / Oesterreich"]
[Date "2007.09.06"]
[Round "6"]
[White "Schulze, Joachim"]
[Black "Klein, Reinhard"]
[Result "1-0"]
[WhiteElo "1996"]
[BlackElo "1870"]
[PlyCount "119"]
[EventDate "2007.09.01"]
[EventType "swiss"]
[EventRounds "9"]
[EventCountry "AUT"]

1. e4 c5 2. Nf3 Nc6 3. d4 cxd4 4. Nxd4 g6 5. Nc3 Bg7 6. Be3 Nf6 7. Be2 O-O 8.
O-O d5 9. exd5 Nxd5 10. Nxd5 Qxd5 11. Bf3 Qd7 12. Nxc6 bxc6 13. Qxd7 Bxd7 14.
Rad1 Bf5 15. c3 Rfc8 16. Bc5 Rc7 17. Rd2 Bh6 18. Rd4 e5 19. Rb4 Rd8 20. Re1 f6
21. h4 Be6 22. Ra4 Bf8 23. Be3 c5 24. c4 Rb8 25. b3 Rb6 26. Rd1 Rd6 27. Rxd6
Bxd6 28. Ra6 Rd7 29. Bc6 Rd8 30. Rxa7 Bf8 31. Bf3 f5 32. Rc7 e4 33. Be2 Rc8 34.
Rxc8 Bxc8 35. f3 Bb7 36. Kf2 Bd6 37. g3 Kf7 38. Bd2 Ke6 39. Be1 Be5 40. f4 Bd4+
41. Kf1 h5 42. Ba5 Kd6 43. Bb6 Bc3 44. Bd1 Bb4 45. Bd8 Ke6 46. Ke2 Bc6 47. Bc7
Bc3 48. Be5 Bxe5 49. fxe5 Kxe5 50. Ke3 Kd6 51. a3 Kc7 52. b4 cxb4 53. axb4 Kd6
54. Kd4 Bd7 55. Be2 Ba4 56. b5 Bc2 57. c5+ Kc7 58. b6+ Kb8 59. c6 e3 60. Ba6
1-0

[Event "18.Open Seefeld"]
[Site "Seefeld / Oesterreich"]
[Date "2007.09.06"]
[Round "6"]
[White "Wittelsberger, Helmut"]
[Black "Titz, Waldemar"]
[Result "1-0"]
[WhiteElo "1996"]
[BlackElo "1819"]
[PlyCount "89"]
[EventDate "2007.09.01"]
[EventType "swiss"]
[EventRounds "9"]
[EventCountry "AUT"]

1. e4 d6 2. d4 Nf6 3. Bd3 g6 4. h3 Bg7 5. Nf3 c6 6. c3 Nbd7 7. O-O O-O 8. Bf4
b5 9. Re1 Bb7 10. Qd2 a6 11. e5 dxe5 12. Nxe5 Rc8 13. b4 Re8 14. Bc2 Nd5 15.
Bg3 N7b6 16. Bb3 e6 17. Na3 Nf6 18. Rad1 Nbd7 19. Qe2 Nd5 20. Qd3 N7f6 21. Bh4
Qc7 22. Bxf6 Nxf6 23. Re2 Rcd8 24. Qc2 Nd7 25. f4 Nf6 26. Rde1 Nh5 27. Qc1 Ng3
28. Re3 Nf5 29. R3e2 Ng3 30. Rf2 Nf5 31. Nb1 a5 32. a3 a4 33. Ba2 Nd6 34. Nd2
Nf5 35. Ne4 Nd6 36. Nc5 Nf5 37. Nxf7 Kxf7 38. Rxe6 Rxe6 39. Nxe6 Qd6 40. Nxd8+
Kf8 41. Nxb7 Qe7 42. Nc5 Bf6 43. Ne6+ Ke8 44. Re2 Ng3 45. Nc7+ 1-0

[Event "18.Open Seefeld"]
[Site "Seefeld / Oesterreich"]
[Date "2007.09.06"]
[Round "6"]
[White "Handl, Hans"]
[Black "Werner, Bernd"]
[Result "0-1"]
[WhiteElo "1599"]
[BlackElo "1975"]
[PlyCount "128"]
[EventDate "2007.09.01"]
[EventType "swiss"]
[EventRounds "9"]
[EventCountry "AUT"]

1. e4 e6 2. d4 d5 3. e5 c5 4. c3 Nc6 5. Nf3 Qb6 6. b3 Bd7 7. Be3 Rc8 8. Be2 f6
9. O-O cxd4 10. cxd4 Qc7 11. Bf4 fxe5 12. Nxe5 Bd6 13. Bg3 Nxe5 14. dxe5 Bxe5
15. Bxe5 Qxe5 16. Nd2 Nf6 17. Nf3 Qd6 18. Qd4 b6 19. Bd3 O-O 20. Qh4 e5 21.
Rad1 Bg4 22. Qg3 Bxf3 23. gxf3 Nh5 24. Qh3 g6 25. Be4 d4 26. Kh1 Nf6 27. Bd3
Nh5 28. Qg4 Nf4 29. Be4 Qe6 30. Qg5 Kg7 31. Rfe1 Qf6 32. Qg4 Qe6 33. Qg5 h6 34.
Qh4 Rf6 35. Qg3 Qh3 36. Qg1 Rc3 37. Qg3 Qxg3 38. fxg3 Nh3 39. Kg2 Ng5 40. Bd5
Rc2+ 41. Kh1 Nxf3 42. Bxf3 Rxf3 43. Rxe5 Rxa2 44. Rd5 Rxb3 45. R5xd4 h5 46. g4
Rbb2 47. Rd7+ Kh6 48. gxh5 Rxh2+ 49. Kg1 Rxh5 50. Rc7 Rg5+ 51. Kh1 Ra4 52. Rd2
Rh4+ 53. Rh2 Rxh2+ 54. Kxh2 a5 55. Ra7 Rg4 56. Ra6 Rb4 57. Kg3 Kg5 58. Ra7 Rb3+
59. Kg2 Kg4 60. Rc7 Rb2+ 61. Kf1 b5 62. Rd7 a4 63. Rd4+ Kh5 64. Rd5+ g5 0-1

[Event "18.Open Seefeld"]
[Site "Seefeld / Oesterreich"]
[Date "2007.09.06"]
[Round "6"]
[White "Platzgummer, Peter"]
[Black "Matt, Stefan"]
[Result "1-0"]
[WhiteElo "1970"]
[BlackElo "2088"]
[PlyCount "43"]
[EventDate "2007.09.01"]
[EventType "swiss"]
[EventRounds "9"]
[EventCountry "AUT"]

1. d4 f5 2. c4 Nf6 3. Nc3 g6 4. h4 Bg7 5. h5 Nxh5 6. e4 d6 7. Rxh5 gxh5 8.
Qxh5+ Kf8 9. Bh6 e6 10. exf5 Qf6 11. Bxg7+ Kxg7 12. O-O-O Qxf5 13. Qh4 Nc6 14.
Rd3 Rf8 15. Rf3 e5 16. Rxf5 Bxf5 17. d5 Nd4 18. Nge2 c5 19. dxc6 Nxc6 20. Nd5
Rac8 21. Kd2 Na5 22. Nec3 1-0

[Event "18.Open Seefeld"]
[Site "Seefeld / Oesterreich"]
[Date "2007.09.06"]
[Round "6"]
[White "Walcher, Christian"]
[Black "Kircher, Werner"]
[Result "1-0"]
[WhiteElo "1776"]
[BlackElo "1944"]
[PlyCount "75"]
[EventDate "2007.09.01"]
[EventType "swiss"]
[EventRounds "9"]
[EventCountry "AUT"]

1. e4 e6 2. d4 d5 3. Nd2 Nf6 4. e5 Nfd7 5. f4 c5 6. c3 Nc6 7. Ngf3 Qb6 8. Nb3
a5 9. a4 c4 10. Nbd2 Be7 11. Be2 Qd8 12. Qc2 Nb6 13. g4 h5 14. g5 g6 15. Nh4
Kd7 16. Nxg6 fxg6 17. Qxg6 Qe8 18. f5 Qxg6 19. fxg6 Kc7 20. h4 Bd7 21. Nf1 Be8
22. g7 Rg8 23. Ng3 Rxg7 24. Bxh5 Bg6 25. Bg4 Rh8 26. Bxe6 Be4 27. Nxe4 dxe4 28.
d5 Nxe5 29. Bf4 Bd6 30. Ke2 Nf3 31. Be3 Rxh4 32. Rxh4 Nxh4 33. Rg1 Nxa4 34. Rg4
Nf3 35. Rxe4 Nxg5 36. Rxc4+ Nc5 37. Bxc5 b5 38. Bd4+ 1-0

[Event "18.Open Seefeld"]
[Site "Seefeld / Oesterreich"]
[Date "2007.09.06"]
[Round "6"]
[White "Auf'm Wasser, Günter"]
[Black "Ranker, Klemens"]
[Result "0-1"]
[WhiteElo "1867"]
[BlackElo "1955"]
[PlyCount "130"]
[EventDate "2007.09.01"]
[EventType "swiss"]
[EventRounds "9"]
[EventCountry "AUT"]

1. f4 d5 2. Nf3 Nc6 3. e3 Nf6 4. Bb5 Bd7 5. O-O e6 6. b3 Bc5 7. Bxc6 Bxc6 8.
Ne5 Bb5 9. Rf3 d4 10. Qe1 Nd5 11. a3 a5 12. c4 dxc3 13. Nxc3 Ba6 14. Bb2 b5 15.
Ne4 Bf8 16. f5 f6 17. Ng4 e5 18. d4 exd4 19. exd4 Be7 20. Qh4 Qd7 21. Qe1 Bc8
22. Qh4 Kf8 23. Raf1 Bd8 24. Nc5 Qd6 25. Ne3 Be7 26. Nxd5 Qxd5 27. Qh5 Qf7 28.
Qh4 Qd5 29. Qf2 Kf7 30. Re1 Bd6 31. Ne4 Bd7 32. Nxd6+ cxd6 33. Rfe3 Rae8 34.
Rxe8 Rxe8 35. Rxe8 Bxe8 36. Qc2 Bc6 37. h3 Ke7 38. Qe2+ Kd7 39. Qc2 h6 40. Kh2
Qf7 41. b4 a4 42. Kg1 Qe7 43. Qd3 Qe1+ 44. Kh2 Qf2 45. d5 Qxb2 46. dxc6+ Kxc6
47. Qe4+ Kb6 48. Qe3+ Ka6 49. Qf3 Qe5+ 50. Kg1 d5 51. Kh1 Kb6 52. Kg1 Kc6 53.
Qf2 d4 54. Qc2+ Kd7 55. Qd3 Kd6 56. Kf2 Qd5 57. Kg1 Qe5 58. Kf2 h5 59. Kf1 h4
60. Kf2 Qg3+ 61. Qxg3+ hxg3+ 62. Ke2 Ke5 63. Kd3 Kd5 64. Kc2 Ke4 65. Kd2 Kxf5
0-1

[Event "18.Open Seefeld"]
[Site "Seefeld / Oesterreich"]
[Date "2007.09.06"]
[Round "6"]
[White "Egger, Herbert"]
[Black "Diakov, Georgi"]
[Result "0-1"]
[WhiteElo "1839"]
[BlackElo "1422"]
[PlyCount "44"]
[EventDate "2007.09.01"]
[EventType "swiss"]
[EventRounds "9"]
[EventCountry "AUT"]

1. e4 e5 2. Nf3 Nc6 3. Nc3 Bc5 4. Bc4 Nf6 5. d3 d6 6. h3 Be6 7. Nd5 Bxd5 8.
exd5 Na5 9. Bb5+ c6 10. dxc6 Bxf2+ 11. Kxf2 Qb6+ 12. Be3 Qxb5 13. cxb7 Nxb7 14.
Nd2 O-O 15. c4 Qd7 16. Rf1 d5 17. cxd5 Nxd5 18. Nc4 Nxe3 19. Kxe3 Qd4+ 20. Ke2
e4 21. Ne3 Qxb2+ 22. Qd2 exd3+ 0-1

[Event "18.Open Seefeld"]
[Site "Seefeld / Oesterreich"]
[Date "2007.09.06"]
[Round "6"]
[White "Loew, Bernd"]
[Black "Scheidt, Eugen"]
[Result "1/2-1/2"]
[WhiteElo "1601"]
[BlackElo "1981"]
[PlyCount "41"]
[EventDate "2007.09.01"]
[EventType "swiss"]
[EventRounds "9"]
[EventCountry "AUT"]

1. e4 c5 2. Nf3 d6 3. d4 cxd4 4. Nxd4 Nf6 5. Nc3 a6 6. h3 e6 7. Be3 b5 8. Qd2
Bb7 9. Bd3 Be7 10. f3 Nc6 11. g4 h6 12. O-O-O Nd7 13. h4 Nde5 14. Be2 Nc4 15.
Bxc4 bxc4 16. Qe2 Na5 17. f4 Qc7 18. g5 Qd7 19. f5 e5 20. Nf3 Qc8 21. f6
1/2-1/2

[Event "18.Open Seefeld"]
[Site "Seefeld / Oesterreich"]
[Date "2007.09.06"]
[Round "6"]
[White "Schultheisz, Egon"]
[Black "Verwer, Renzo"]
[Result "1-0"]
[WhiteElo "1980"]
[BlackElo "1600"]
[PlyCount "56"]
[EventDate "2007.09.01"]
[EventType "swiss"]
[EventRounds "9"]
[EventCountry "AUT"]

1. e4 c5 2. Nf3 Nf6 3. e5 Nd5 4. Bc4 Nb6 5. Na3 d5 6. exd6 exd6 7. O-O d5 8.
Re1+ Be7 9. Be2 Nc6 10. b3 Be6 11. c3 g5 12. Bb5 Qd6 13. d4 O-O-O 14. Be3 Nd7
15. dxc5 Nxc5 16. Nd4 Ne5 17. b4 Ne4 18. Nxe6 fxe6 19. Bxa7 Rdf8 20. Qe2 h5 21.
f3 Ng4 22. fxg4 hxg4 23. g3 Rh3 24. Rad1 Qc7 25. Qxg4 Rh6 26. Rxe4 dxe4 27.
Bd7+ Kd8 28. Nb5 Qe5 1-0

[Event "18.Open Seefeld"]
[Site "Seefeld / Oesterreich"]
[Date "2007.09.06"]
[Round "6"]
[White "Senn, Othmar"]
[Black "Straesser, Gerda"]
[Result "1/2-1/2"]
[WhiteElo "1419"]
[BlackElo "1828"]
[PlyCount "141"]
[EventDate "2007.09.01"]
[EventType "swiss"]
[EventRounds "9"]
[EventCountry "AUT"]

1. d4 d5 2. Nf3 Nf6 3. c4 e6 4. c5 Be7 5. e3 c6 6. Bd3 O-O 7. O-O Nbd7 8. b4 a5
9. Bd2 axb4 10. Bxb4 b6 11. Qc2 Ba6 12. Rd1 Bxd3 13. Rxd3 bxc5 14. dxc5 Ne4 15.
Nd4 Qc7 16. Nd2 Ne5 17. Nxe4 Nxd3 18. Qxd3 dxe4 19. Qxe4 Bf6 20. a3 Bxd4 21.
Qxd4 Rfd8 22. Qg4 Qe7 23. Qf3 Qd7 24. g3 Qd5 25. Qe2 Qd3 26. Qf3 Qd5 27. Qe2
Rd7 28. Qc2 f6 29. h3 Qd3 30. Qa2 Qd5 31. Qe2 Qb3 32. Qf3 Qa4 33. Qe4 e5 34.
Qc4+ Kf8 35. Qe4 Kg8 36. Qc4+ Kf8 37. Qe4 h6 38. Qf3 Rad8 39. Kh2 Rd1 40. Rxd1
Rxd1 41. Qg4 Rd8 42. Qe6 Qb5 43. Qf5 Qd3 44. Qxd3 Rxd3 45. Kg2 Ke7 46. Kf3 Ke6
47. Ke2 Rb3 48. Kf3 Kd5 49. Kg4 Kc4 50. Kf5 Rxb4 51. axb4 Kxb4 52. Kg6 Kxc5 53.
Kxg7 Kd5 54. Kxh6 c5 55. Kg6 c4 56. h4 c3 57. h5 c2 58. h6 c1=Q 59. h7 Qc2+ 60.
Kg7 Qc7+ 61. Kg8 Qd8+ 62. Kg7 Ke4 63. h8=Q Qxh8+ 64. Kxh8 Kf3 65. Kg7 e4 66.
Kxf6 Kxf2 67. g4 Kxe3 68. g5 Kf2 69. g6 e3 70. g7 e2 71. g8=Q 1/2-1/2

[Event "18.Open Seefeld"]
[Site "Seefeld / Oesterreich"]
[Date "2007.09.06"]
[Round "6"]
[White "Michel, Jan"]
[Black "Perkmann, Gottfried"]
[Result "1-0"]
[WhiteElo "1450"]
[BlackElo "1799"]
[PlyCount "129"]
[EventDate "2007.09.01"]
[EventType "swiss"]
[EventRounds "9"]
[EventCountry "AUT"]

1. e4 d6 2. d4 Nf6 3. Nc3 g6 4. Be2 Bg7 5. Nf3 O-O 6. O-O Nbd7 7. Be3 Ng4 8.
Qd2 Nxe3 9. fxe3 c5 10. Rab1 b6 11. a3 a6 12. a4 Bb7 13. d5 Qc7 14. Nd1 Nf6 15.
Nf2 c4 16. c3 Rad8 17. Qc2 Rfe8 18. Nd2 b5 19. axb5 axb5 20. Nd1 e6 21. dxe6
Rxe6 22. Bf3 d5 23. exd5 Bxd5 24. Bxd5 Rxd5 25. e4 Rh5 26. g3 Ng4 27. Nf3 Qc5+
28. Kg2 Qe7 29. Re1 Nf6 30. Nf2 Nd7 31. Nd4 Rd6 32. Nf3 Rc5 33. Ra1 Rc8 34. Ra7
Qd8 35. Raa1 Ne5 36. Nxe5 Bxe5 37. Rad1 Rcc6 38. Ng4 Bg7 39. e5 Rd3 40. Rxd3
cxd3 41. Qd2 g5 42. Rd1 Re6 43. Qxd3 Qxd3 44. Rxd3 Bxe5 45. Rd5 f6 46. Rxb5 Kg7
47. Nf2 f5 48. Nd3 Bf6 49. Kf2 Kg6 50. Rd5 Re4 51. Rd6 Kf7 52. Rd7+ Kg6 53. Rd6
Kf7 54. Nc5 Rc4 55. Nd7 Bg7 56. Nb6 Re4 57. Rd3 Bf8 58. Kf1 Kg6 59. b4 f4 60.
Rf3 h5 61. gxf4 gxf4 62. Nd5 Kf5 63. Kf2 Bg7 64. b5 Rc4 65. Ne3+ 1-0

[Event "18.Open Seefeld"]
[Site "Seefeld / Oesterreich"]
[Date "2007.09.06"]
[Round "6"]
[White "Ewanno, Georg"]
[Black "Bangert, Ruediger"]
[Result "0-1"]
[WhiteElo "1250"]
[BlackElo "1761"]
[PlyCount "106"]
[EventDate "2007.09.01"]
[EventType "swiss"]
[EventRounds "9"]
[EventCountry "AUT"]

1. f4 Nf6 2. Nf3 d6 3. e3 g6 4. Nc3 Bg7 5. Rb1 O-O 6. b3 a6 7. Bd3 Nc6 8. a3
Re8 9. O-O Bg4 10. Qe1 e5 11. fxe5 dxe5 12. e4 Bxf3 13. Rxf3 b5 14. Bb2 Nd4 15.
Rh3 c6 16. Nd1 c5 17. Ne3 Qd6 18. Qd1 Ne6 19. Ng4 Nxg4 20. Qxg4 h5 21. Qd1 Nf4
22. Rf3 Rad8 23. Qf1 Qd7 24. a4 Qb7 25. axb5 axb5 26. Ba3 Qb6 27. Kh1 Nxd3 28.
cxd3 b4 29. Bb2 Rd7 30. Rg3 Red8 31. Ba1 Qb5 32. Rf3 Qb7 33. Rc1 Qa7 34. Bb2
Qa2 35. Ba1 Qa7 36. Bb2 Qa2 37. Ba1 Rc8 38. Rg3 Qxd2 39. Rd1 Qa2 40. Rg5 Re7
41. Qe1 Bf6 42. Rxh5 gxh5 43. Qg3+ Kf8 44. Qh3 Re6 45. Qxh5 Ke7 46. Qh6 Rg8 47.
Qh3 Qxb3 48. Qf3 Qc2 49. Rf1 Qd2 50. Bxe5 Qg5 51. Bxf6+ Rxf6 52. Qxf6+ Qxf6 53.
Rxf6 Kxf6 0-1

[Event "18.Open Seefeld"]
[Site "Seefeld / Oesterreich"]
[Date "2007.09.06"]
[Round "6"]
[White "Bretscher, Robert"]
[Black "Berkemeier, Juergen"]
[Result "0-1"]
[WhiteElo "1656"]
[BlackElo "1917"]
[PlyCount "66"]
[EventDate "2007.09.01"]
[EventType "swiss"]
[EventRounds "9"]
[EventCountry "AUT"]

1. e4 c5 2. Nf3 e6 3. d4 cxd4 4. Nxd4 Bc5 5. Nb3 Bb6 6. Bd3 Ne7 7. O-O O-O 8.
Kh1 f5 9. f3 Nbc6 10. Nc3 f4 11. Ne2 g5 12. Bd2 Rf6 13. Be1 Rh6 14. Bf2 d5 15.
Bxb6 axb6 16. Qe1 Qe8 17. g3 e5 18. g4 Be6 19. a3 d4 20. Nd2 Qf7 21. b3 Na5 22.
a4 Rc8 23. Nb1 Nec6 24. Na3 Qf8 25. Bb5 Nb4 26. Qb1 Qc5 27. Rc1 d3 28. cxd3 Qf2
29. Rxc8+ Bxc8 30. Qg1 Qxe2 31. Rc1 Qxf3+ 32. Qg2 Qxg2+ 33. Kxg2 Bxg4 0-1

[Event "18.Open Seefeld"]
[Site "Seefeld / Oesterreich"]
[Date "2007.09.06"]
[Round "6"]
[White "Masson, Wally"]
[Black "Breedveld, Carmen"]
[Result "0-1"]
[WhiteElo "1290"]
[BlackElo "1289"]
[PlyCount "40"]
[EventDate "2007.09.01"]
[EventType "swiss"]
[EventRounds "9"]
[EventCountry "AUT"]

1. f4 Nf6 2. Nf3 e6 3. b3 Be7 4. Bb2 b6 5. e3 Bb7 6. Bd3 d6 7. O-O Nbd7 8. Nc3
a6 9. a4 Nc5 10. Be2 O-O 11. Qe1 h6 12. Qg3 d5 13. Ne5 d4 14. Nd1 Nce4 15. Qe1
dxe3 16. Nxe3 Nd5 17. Nxd5 Qxd5 18. d3 Nd2 19. Rf2 Bh4 20. g3 Qh1# 0-1

[Event "18.Open Seefeld"]
[Site "Seefeld / Oesterreich"]
[Date "2007.09.07"]
[Round "7"]
[White "Fuchs, Georg"]
[Black "Pitl, Gregory"]
[Result "0-1"]
[WhiteElo "2193"]
[BlackElo "2387"]
[PlyCount "54"]
[EventDate "2007.09.01"]
[EventType "swiss"]
[EventRounds "9"]
[EventCountry "AUT"]

1. e4 c5 2. Nf3 Nc6 3. Nc3 d6 4. d4 cxd4 5. Nxd4 Nf6 6. Be2 e5 7. Nb3 Be7 8.
O-O O-O 9. f3 a5 10. a4 Nb4 11. Nb5 d5 12. c3 Nc6 13. exd5 Nxd5 14. Qc2 Qb6+
15. Kh1 Be6 16. Bd3 f5 17. Bc4 Rad8 18. Qe2 f4 19. Rd1 Kh8 20. N3d4 Bg8 21. Nc2
Bc5 22. b3 Nce7 23. Bd2 Nf5 24. Be1 Qh6 25. b4 Ng3+ 26. Bxg3 fxg3 27. h3 Nf4
0-1